000 01093nam a22003137a 4500
001 BR0702676
003 BR-BrBNA
005 20230928102429.0
007 ta
008 230509b bl.||||| |||| 00| 0 por d
040 _aBR-BrBNA
_bpor
_cBiblioteca Nacional de Agricultura
041 _a(Por)
072 _aF30; F04; H10
_b0336
090 _ 0336 BR0702676
110 1 _aCentro de Pesquisa Agropecuária dos Cerrados, Planaltina, DF (Brasil)
110 1 _aEmpresa de Pesquisa Agropecuária do Estado de Mato Grosso S.A., Cuiabá (Brasil)
_94113
111 1 _aSeminário sobre os Processos da Pesquisa Agronômica na Região dos Cerrados
_cCuiabá, MT (Brazil)
_d23-24 Oct 1991
245 1 _aSeminário sobre os Processos da Pesquisa Agronômica na Região dos Cerrados
260 3 _aCuiabá, MT (Brasil):
_c1991.
300 _a99 p.
650 _aSOJA
650 _aMELHORAMENTO GENÉTICO VEGETAL
650 _aFERTILIDADE DO SOLO
650 _aPRAGA DE PLANTA
650 _aDOENÇA DE PLANTA
650 _aADUBAÇÃO
909 _a202309
_bLucia
_c55
_dLucia Elande
942 _cBK
999 _c70734
_d70734